000 00596nam a2200229Ia 4500
003 OSt
005 20220925195024.0
006 a|||||r|||| 00| 0
007 ta
008 220923b |||||||| |||| 00| 0 eng d
037 _cGeneral Book
040 _aRTL
_cRTL
_beng
041 _2eng
_aeng
082 _aX71.242.N87, M7
110 _aHARYANA
245 0 _aBudget at aglance 1987-80.
260 _aChandigarh
_bGovt. press
_c1987
300 _aVarious Pagination
_ccm.
700 _aHARYANA
942 _hX71.242.N87, M7
_cGB
_2CC
999 _c531553
_d531553